Melbourne / Victoria Postcodes - Statistics

General Stats
  • This quiz has been taken 34 times
  • The average score is 271 of 3186
Answer Stats
Hint Answer % Correct
3000 | 3001 | 3004 | +24 others Melbourne
92%
3002 | 8002 East Melbourne
76%
3008 Docklands
68%
3051 North Melbourne
64%
3006 Southbank
64%
3205 South Melbourne
64%
3003 West Melbourne
64%
3741 Bright
60%
3175 Dandenong
60%
3220 Geelong
60%
3207 | 8873 Port Melbourne
60%
3186 Brighton
56%
3500 | 3502 Mildura
56%
3206 Albert Park
52%
3350 | 3353 Ballarat
52%
3550 | 3552 Bendigo
52%
3053 Carlton
52%
3199 Frankston
52%
3188 Hampton
52%
3031 Kensington
52%
3840 Morwell
52%
3015 Newport
52%
3121 Richmond
52%
3850 | 3853 Sale
52%
3011 Seddon
52%
3006 South Wharf
52%
3182 St Kilda
52%
3013 Yarraville
52%
3018 Altona
48%
3875 Bairnsdale
48%
3427 Diggers Rest
48%
3108 Doncaster
48%
3555 Kangaroo Flat
48%
3140 Lilydale
48%
3337 Melton
48%
3206 Middle Park
48%
3825 Moe
48%
3810 Pakenham
48%
3962 Toora
48%
3799 Warburton
48%
3820 Warragul
48%
3280 Warrnambool
48%
3147 Ashburton
44%
3807 Beaconsfield
44%
3160 Belgrave
44%
3193 Black Rock
44%
3056 Brunswick
44%
3054 Carlton North
44%
3978 Clyde
44%
3066 Collingwood
44%
3977 Cranbourne
44%
3095 Eltham
44%
3184 Elwood
44%
3076 Epping
44%
3065 Fitzroy
44%
3011 Footscray
44%
3199 Frankston South
44%
3146 Glen Iris
44%
3803 Hallam
44%
3188 Hampton East
44%
3122 Hawthorn
44%
3400 | 3402 Horsham
44%
3101 Kew
44%
3144 Malvern
44%
3805 Narre Warren
44%
3809 Officer
44%
3134 Ringwood
44%
3191 Sandringham
44%
3220 South Geelong
44%
3752 South Morang
44%
3015 Spotswood
44%
3021 St Albans
44%
3183 St Kilda East
44%
3182 St Kilda West
44%
3429 Sunbury
44%
3020 Sunshine
44%
3585 Swan Hill
44%
3113 Warrandyte
44%
3030 Werribee
44%
3016 Williamstown
44%
3028 Altona Meadows
40%
3377 Ararat
40%
3195 Aspendale
40%
3130 Blackburn
40%
3128 Box Hill
40%
3125 Burwood
40%
3151 Burwood East
40%
3124 | 8627 Camberwell
40%
3197 Carrum
40%
3450 Castlemaine
40%
3148 Chadstone
40%
3196 Chelsea
40%
3068 Clifton Hill
40%
3978 Clyde North
40%
3250 Colac
40%
3121 Cremorne
40%
3164 | 3175 Dandenong South
40%
3089 Diamond Creek
40%
3564 Echuca
40%
3040 Essendon
40%
3156 Ferntree Gully
40%
3031 Flemington
40%
3437 Gisborne
40%
3150 Glen Waverley
40%
3915 Hastings
40%
3763 Kinglake
40%
3012 Kingsville
40%
3204 Mckinnon
40%
3754 Mernda
40%
3138 Mooroolbark
40%
3070 Northcote
40%
3131 Nunawading
40%
3030 Point Cook
40%
3944 Portsea
40%
3225 Queenscliff
40%
3335 Rockbank
40%
3939 Rosebud
40%
3847 Rosedale
40%
3630 | 3632 Shepparton
40%
3141 South Yarra
40%
3020 Sunshine North
40%
3020 Sunshine West
40%
3029 Tarneit
40%
3012 Tottenham
40%
3043 Tullamarine
40%
3158 Upwey
40%
3756 Wallan
40%
3096 Wattle Glen
40%
3012 West Footscray
40%
3016 Williamstown North
40%
3689 | 3690 Wodonga
40%
3775 Yarra Glen
40%
3025 Altona North
36%
3364 | 3551 Ascot
36%
3147 Ashwood
36%
3340 Bacchus Marsh
36%
3103 Balwyn
36%
3153 Bayswater
36%
3806 Berwick
36%
3196 Bonbeach
36%
3155 Boronia
36%
3128 Box Hill South
36%
3187 Brighton East
36%
3012 Brooklyn
36%
3055 Brunswick West
36%
3163 Carnegie
36%
3201 Carrum Downs
36%
3430 Clarkefield
36%
3168 Clayton
36%
3922 Cowes
36%
3136 Croydon
36%
3109 Doncaster East
36%
3936 Dromana
36%
3095 Eltham North
36%
3782 Emerald
36%
3783 Gembrook
36%
3046 Glenroy
36%
3523 Heathcote
36%
3099 Hurstbridge
36%
3265 Laang
36%
3909 Lakes Entrance
36%
3984 Lang Lang
36%
3093 Lower Plenty
36%
3338 Melton South
36%
3194 Mentone
36%
3132 Mitcham
36%
3039 Moonee Ponds
36%
3931 Mornington
36%
3149 Mount Waverley
36%
3812 Nar Nar Goon
36%
3174 Noble Park
36%
3215 North Geelong
36%
3888 Orbost
36%
3204 Ormond
36%
3490 Ouyen
36%
3052 Parkville
36%
3090 Plenty
36%
3284 Port Fairy
36%
3424 Rainbow
36%
3496 Red Cliffs
36%
3134 Ringwood North
36%
3178 Rowville
36%
3198 Seaford
36%
3018 Seaholme
36%
3943 Sorrento
36%
3171 Springvale
36%
3037 Sydenham
36%
3160 Tecoma
36%
3106 Templestowe
36%
3029 Truganina
36%
3156 Upper Ferntree Gully
36%
3669 Violet Town
36%
3152 Wantirna
36%
3049 Westmeadows
36%
3797 Yarra Junction
36%
3971 Yarram
36%
3067 Abbotsford
32%
3042 Airport West
32%
3020 Albion
32%
3032 Ascot Vale
32%
3212 Avalon
32%
3342 Ballan
32%
3911 Baxter
32%
3130 Blackburn North
32%
3057 Brunswick East
32%
3428 Bulla
32%
3083 Bundoora
32%
3023 Caroline Springs
32%
3192 Cheltenham
32%
3169 Clayton South
32%
3058 Coburg
32%
3058 Coburg North
32%
3781 Cockatoo
32%
3214 Corio
32%
3977 Cranbourne East
32%
3977 Cranbourne North
32%
3363 Dean
32%
3023 Deer Park
32%
3064 Donnybrook
32%
3818 Drouin
32%
3678 Edi
32%
3185 Elsternwick
32%
3041 Essendon North
32%
3666 Euroa
32%
3068 Fitzroy North
32%
3236 Forrest
32%
3814 Garfield
32%
3758 Heathcote Junction
32%
3135 Heathmont
32%
3084 Heidelberg
32%
3081 Heidelberg West
32%
3029 Hoppers Crossing
32%
3047 Jacana
32%
3102 Kew East
32%
3764 Kilmore
32%
3137 Kilsyth
32%
3757 Kinglake West
32%
3444 Kyneton
32%
3910 Langwarrin
32%
3212 Lara
32%
3953 Leongatha
32%
3211 Little River
32%
3232 Lorne
32%
3156 Lysterfield
32%
3440 Macedon
32%
3032 Maribyrnong
32%
3216 Marshall
32%
3045 Melbourne Airport
32%
3799 Millgrove
32%
3796 Mount Evelyn
32%
3170 Mulgrave
32%
3608 Nagambie
32%
3166 Oakleigh
32%
3226 Ocean Grove
32%
3044 Pascoe Vale
32%
3305 Portland
32%
3054 Princes Hill
32%
3937 Red Hill
32%
3095 Research
32%
3135 Ringwood East
32%
3941 Rye
32%
3660 | 3661 Seymour
32%
3912 Somerville
32%
3862 Stratford
32%
3071 Thornbury
32%
3133 Vermont
32%
3133 Vermont South
32%
3152 Wantirna South
32%
3087 Watsonia
32%
3216 Waurn Ponds
32%
3799 Wesburn
32%
3757 Whittlesea
32%
3750 Wollert
32%
3960 Wonga
32%
3024 Wyndham Vale
32%
3143 Armadale
28%
3104 Balwyn North
28%
3160 Belgrave South
28%
3946 Bena
28%
3204 Bentleigh
28%
3918 Bittern
28%
3130 Blackburn South
28%
3129 Box Hill North
28%
3019 Braybrook
28%
3047 Broadmeadows
28%
3105 Bulleen
28%
3121 Burnley
28%
3162 Caulfield
28%
3775 Christmas Hills
28%
3370 Clunes
28%
3770 Coldstream
28%
3977 Cranbourne South
28%
3919 Crib Point
28%
3136 Croydon Hills
28%
3136 Croydon North
28%
3175 Dandenong North
28%
3460 Daylesford
28%
3111 Donvale
28%
3222 Drysdale
28%
3556 Eaglehawk
28%
3196 Edithvale
28%
3040 Essendon West
28%
3060 Fawkner
28%
3929 Flinders
28%
3163 Glen Huntly
28%
3088 Greensborough
28%
3381 Halls Gap
28%
3300 Hamilton
28%
3123 Hawthorn East
28%
3777 Healesville
28%
3081 Heidelberg Heights
28%
3498 Irymple
28%
3079 | 8576 Ivanhoe
28%
3036 Keilor
28%
3579 Kerang
28%
3764 Kilmore East
28%
3144 Kooyong
28%
3435 Lancefield
28%
3028 Laverton
28%
3026 Laverton North
28%
3975 Lynbrook
28%
3975 Lyndhurst
28%
3860 Maffra
28%
3892 Mallacoota
28%
3722 | 3724 Mansfield
28%
3094 Montmorency
28%
3765 Montrose
28%
3612 Moora
28%
3195 Mordialloc
28%
3723 Mount Buller
28%
3163 Murrumbeena
28%
3220 | 3351 Newtown
28%
3046 Oak Park
28%
3810 Pakenham Upper
28%
3204 Patterson
28%
3072 Preston
28%
3431 Riddells Creek
28%
3084 Rosanna
28%
3925 San Remo
28%
3159 Selby
28%
3139 Seville
28%
3062 Somerton
28%
3127 Surrey Hills
28%
3371 Talbot
28%
3154 The Basin
28%
3074 Thomastown
28%
3844 Traralgon
28%
3355 Wendouree
28%
3030 Werribee South
28%
3027 Williams Landing
28%
3241 Winchelsea
28%
3115 Wonga Park
28%
3091 Yarrambat
28%
3078 Alphington
24%
3230 Anglesea
24%
3233 Apollo Bay
24%
3022 Ardeer
24%
3664 Avenel
24%
3808 Beaconsfield Upper
24%
3373 Beaufort
24%
3216 Belmont
24%
3671 | 3672 Benalla
24%
3561 Bonn
24%
3815 Bunyip
24%
3061 Campbellfield
24%
3222 Clifton Springs
24%
3643 | 3644 Cobram
24%
3048 Coolaroo
24%
3465 Craigie
24%
3064 Craigieburn
24%
3363 Creswick
24%
3030 Derrimut
24%
3172 Dingley Village
24%
3646 Dookie
24%
3754 Doreen
24%
3177 Doveton
24%
3084 Eaglemont
24%
3799 East Warburton
24%
3551 Epsom
24%
3200 Frankston North
24%
3185 Gardenvale
24%
3555 Golden Square
24%
3976 Hampton Park
24%
3501 Hattah
24%
3858 Heyfield
24%
3037 | 3875 Hillside
24%
3166 Hughesdale
24%
3166 Huntingdale
24%
3551 Huntly
24%
3419 Kaniva
24%
3033 Keilor East
24%
3137 Kilsyth South
24%
3757 Kinglake Central
24%
3981 Koo Wee Rup
24%
3075 Lalor
24%
3085 Macleod
24%
3012 Maidstone
24%
3145 Malvern East
24%
3465 Maryborough
24%
3505 Merbein
24%
3189 Moorabbin
24%
3767 Mount Dandenong
24%
3930 Mount Eliza
24%
3610 Murchison
24%
3804 Narre Warren North
24%
3831 Neerim
24%
3831 Neerim South
24%
3438 New Gisborne
24%
3174 Noble Park North
24%
3833 Noojee
24%
3214 North Shore
24%
3898 Omeo
24%
3114 Park Orchards
24%
3197 Patterson Lakes
24%
3225 Point Lonsdale
24%
3269 Port Campbell
24%
3073 Reservoir
24%
3185 Ripponlea
24%
3561 Rochester
24%
3434 Romsey
24%
3977 Sandhurst
24%
3361 Skipton
24%
3380 Stawell
24%
3041 Strathmore
24%
3980 Tooradin
24%
3142 Toorak
24%
3228 Torquay
24%
3824 Trafalgar
24%
3032 Travancore
24%
3813 Tynong
24%
3758 Wandong
24%
3676 | 3677 Wangaratta
24%
3429 Wildwood
24%
3995 Wonthaggi
24%
3723 Woods Point
24%
3717 Yea
24%
3021 Albanvale
20%
3227 Barwon Heads
20%
3153 Bayswater North
20%
3165 Bentleigh East
20%
3231 | 3555 Big Hill
20%
3432 Bolinda
20%
3311 Casterton
20%
3162 Caulfield South
20%
3314 Cavendish
20%
3683 Chiltern
20%
3030 Cocoroc
20%
3977 Cranbourne West
20%
3047 Dallas
20%
3340 Darley
20%
3304 Dartmoor
20%
3414 Dimboola
20%
3480 Donald
20%
3219 East Geelong
20%
3757 Eden Park
20%
3558 Elmore
20%
3802 Endeavour Hills
20%
3041 Essendon Fields
20%
3078 Fairfield
20%
3437 Gisborne South
20%
3345 Gordon
20%
3314 Grampians
20%
3059 Greenvale
20%
3046 Hadfield
20%
3202 Heatherton
20%
3304 Heywood
20%
3757 Humevale
20%
3079 Ivanhoe East
20%
3097 Kangaroo Ground
20%
3180 Knoxfield
20%
3282 Koroit
20%
3619 | 3620 Kyabram
20%
3584 Lake Boga
20%
3597 Lake Powell
20%
3139 Launching Place
20%
3945 Loch
20%
3816 Longwarry
20%
3665 Longwood
20%
3156 Lysterfield South
20%
3446 Malmsbury
20%
3515 Marong
20%
3779 Marysville
20%
3159 Menzies Creek
20%
3064 Mickleham
20%
3352 Miners Rest
20%
3800 Monash University
20%
3793 Monbulk
20%
3127 Mont Albert
20%
3129 Mont Albert North
20%
3221 Moolap
20%
3629 Mooroopna
20%
3441 Mount Macedon
20%
3610 Murchison East
20%
3805 Narre Warren South
20%
3418 Nhill
20%
3042 Niddrie
20%
3821 Nilma
20%
3168 Notting Hill
20%
3167 Oakleigh South
20%
3809 Officer South
20%
3044 Pascoe Vale South
20%
3212 Point Wilson
20%
3988 Poowong
20%
3223 Portarlington
20%
3965 Port Welshpool
20%
3181 Prahran
20%
3570 Raywood
20%
3937 Red Hill South
20%
3179 Scoresby
20%
3028 Seabrook
20%
3420 Serviceton
20%
3927 Somers
20%
3015 South Kingsville
20%
3172 Springvale South
20%
3182 St Kilda South
20%
3700 Tallangatta
20%
3337 Toolern Vale
20%
3458 Trentham
20%
3150 Wheelers Hill
20%
3755 Yan Yean
20%
3730 Yarrawonga
20%
3505 Yelta
20%
3770 Yering
20%
3040 Aberfeldie
16%
3825 Aberfeldy
16%
3833 Ada
16%
3465 Adelaide Lead
16%
3231 Aireys Inlet
16%
3277 Allansford
16%
3936 Arthurs Seat
16%
3195 Aspendale Gardens
16%
3049 Attwood
16%
3467 Avoca
16%
3183 Balaclava
16%
3350 Ballarat North
16%
3081 | 3381 Bellfield
16%
3215 Bell Post Hill
16%
3942 Blairgowrie
16%
3195 Braeside
16%
3186 Brighton North
16%
3658 Broadford
16%
3885 Bruthen
16%
3437 Bullengarook
16%
3711 Buxton
16%
3037 Calder Park
16%
3260 Camperdown
16%
3939 Cape Schanck
16%
3464 Carisbrook
16%
3494 Carwarp
16%
3145 Caulfield East
16%
3161 Caulfield North
16%
3196 Chelsea Heights
16%
3116 Chirnside Park
16%
3842 Churchill
16%
3568 Cohuna
16%
3315 Coleraine
16%
3136 Croydon South
16%
3465 Daisy Hill
16%
3862 Dargo
16%
3822 Darnum
16%
3217 Deakin University
16%
3571 Dingee
16%
3177 Eumemmerring
16%
3350 Eureka
16%
3699 Falls Creek
16%
3658 | 3717 Flowerdale
16%
3844 Flynn
16%
3131 Forest Hill
16%
3381 Fyans Creek
16%
3218 Geelong West
16%
3043 Gladstone Park
16%
3557 Goornong
16%
3453 Harcourt
16%
3142 Hawksburn
16%
3461 Hepburn
16%
3190 Highett
16%
3396 Hopetoun
16%
3340 Hopetoun Park
16%
3558 Hunter
16%
3695 Huon
16%
3996 Inverloch
16%
3148 Jordanville
16%
3977 Junction Village
16%
3064 Kalkallo
16%
3042 Keilor Park
16%
3173 Keysborough
16%
3083 Kingsbury
16%
3021 Kings Park
16%
3351 Lake Bolac
16%
3224 Leopold
16%
3851 Loch Sport
16%
3663 Mangalore
16%
3888 Marlo
16%
3052 Melbourne University
16%
3505 Merbein West
16%
3444 Mia Mia
16%
3082 Mill Park
16%
3871 Mirboo
16%
3465 Moolort
16%
3741 Mount Hotham
16%
3934 Mount Martha
16%
3579 Mystic Park
16%
3832 Neerim Junction
16%
3462 Newstead
16%
3887 Nowa Nowa
16%
3435 Nulla Vale
16%
3099 Nutfield
16%
3166 Oakleigh East
16%
3701 Old Tallangatta
16%
3289 Penshurst
16%
3575 Pyramid Hill
16%
3799 Reefton
16%
3549 Robinvale
16%
3787 Sassafras
16%
3356 Sebastopol
16%
3682 Springhurst
16%
3088 St Helena
16%
3223 St Leonards
16%
3041 Strathmore Heights
16%
3225 Swan Bay
16%
3225 Swan Island
16%
3903 Swan Reach
16%
3775 Tarrawarra
16%
3616 Tatura
16%
3107 Templestowe Lower
16%
3264 Terang
16%
3844 Tyers
16%
3813 Tynong North
16%
3084 Viewbank
16%
3087 Watsonia North
16%
3181 Windsor
16%
3850 Wurruk
16%
3085 Yallambie
16%
3221 Anakie
12%
3123 Auburn
12%
3350 Ballarat East
12%
3350 Ballarat West
12%
3926 Balnarring
12%
3175 Bangholme
12%
3991 Bass
12%
3251 Beeac
12%
3160 Belgrave Heights
12%
3691 Bethanga
12%
3458 Blackwood
12%
3537 Boort
12%
3977 Botanic Ridge
12%
3088 Briar Hill
12%
3516 Bridgewater
12%
3338 Brookfield
12%
3375 Buangor
12%
3556 California Gully
12%
3126 Canterbury
12%
3233 Cape Otway
12%
3451 Chewton
12%
3777 Chum Creek
12%
3169 Clarinda
12%
3266 Cobden
12%
3707 Colac Colac
12%
3480 Cope Cope
12%
3707 Corryong
12%
3322 Cressy
12%
3363 Creswick North
12%
3145 Darling
12%
3037 Delahey
12%
3294 Dunkeld
12%
3550 East Bendigo
12%
3318 Edenhope
12%
3713 Eildon
12%
3448 Elphinstone
12%
3825 Erica
12%
3338 Exford
12%
3864 Fernbank
12%
3959 Fish Creek
12%
3199 Frankston East
12%
3921 French Island
12%
3221 Fyansford
12%
3239 Gellibrand
12%
3675 Glenrowan
12%
3851 Golden Beach
12%
3043 Gowanbrae
12%
3451 Guildford
12%
3360 | 3549 Happy Valley
12%
3401 Haven
12%
3523 Heathcote South
12%
3461 Hepburn Springs
12%
3321 Inverleigh
12%
3228 Jan Juc
12%
3462 Joyces Creek
12%
3038 Keilor Downs
12%
3038 Keilor Lodge
12%
3631 Kialla
12%
3995 Kilcunda
12%
3364 Kingston
12%
3580 Koondrook
12%
3444 Kyneton South
12%
3887 Lake Tyers
12%
3909 Lake Tyers Beach
12%
3083 | 3086 La Trobe University
12%
3858 Licola
12%
3851 Longford
12%
3463 Maldon
12%
3024 Mambourin
12%
3568 Mead
12%
3048 Meadow Heights
12%
3337 Melton West
12%
3333 Meredith
12%
3573 Mitiamo
12%
3701 Mitta Mitta
12%
3058 Moreland
12%
3272 Mortlake
12%
3699 Mount Beauty
12%
3024 Mount Cottrell
12%
3862 Munro
12%
3512 Murrayville
12%
3390 Murtoa
12%
3736 | 3737 Myrtleford
12%
3812 Nar Nar Goon North
12%
3292 Nelson
12%
3214 Norlane
12%
3550 North Bendigo
12%
3113 North Warrandyte
12%
3594 Nyah
12%
3595 Nyah West
12%
3987 Nyora
12%
3063 Oaklands Junction
12%
3810 Pakenham South
12%
3759 Panton Hill
12%
3195 Parkdale
12%
3340 Parwan
12%
3880 Paynesville
12%
3270 Peterborough
12%
3597 Piangil
12%
3988 Poowong East
12%
3971 Port Albert
12%
3269 Princetown
12%
3030 Quandong
12%
3453 Ravenswood
12%
3453 Ravenswood South
12%
3385 Roses Gap
12%
3064 Roxburgh Park
12%
3612 Rushworth
12%
3810 Rythdale
12%
3936 Safety Beach
12%
3533 Sea Lake
12%
3916 Shoreham
12%
3795 Silvan
12%
3266 Simpson
12%
3977 Skye
12%
3971 Snake Island
12%
3941 St Andrews Beach
12%
3896 Swifts Creek
12%
3149 Syndal
12%
3447 Taradale
12%
3268 Timboon
12%
3542 Tittybong
12%
3723 Tolmie
12%
3856 Toongabbie
12%
3844 Traralgon South
12%
3913 Tyabb
12%
3444 Tylden
12%
3010 University Of Melbourne
12%
3377 Warrak
12%
3134 Warrandyte South
12%
3195 Waterways
12%
3966 Welshpool
12%
3550 West Bendigo
12%
3550 White Hills
12%
3733 Whitfield
12%
3442 Woodend
12%
3874 Woodside
12%
3221 Wye River
12%
3749 Yackandandah
12%
3825 Yallourn
12%
3418 Yanac
12%
3451 Yapeen
12%
3823 Yarragon
12%
3714 Alexandra
8%
3249 Alvie
8%
3995 Anderson
8%
3099 Arthurs Creek
8%
3034 Avondale Heights
8%
3407 Balmoral
8%
3331 Bannockburn
8%
3444 Barfold
8%
3058 Batman
8%
3833 Baw Baw
8%
3193 Beaumaris
8%
3228 Bellbrae
8%
3900 Benambra
8%
3097 Bend Of Islands
8%
3435 Benloch
8%
3472 Bet Bet
8%
3395 Beulah
8%
3753 Beveridge
8%
3799 Big Pats Creek
8%
3483 Birchip
8%
3242 Birregurra
8%
3699 Bogong
8%
3860 Boisdale
8%
3720 Bonnie Doon
8%
3055 Brunswick South
8%
3023 Burnside
8%
3352 Burrumbeet
8%
3860 Bushy Park
8%
3364 Cabbage Tree
8%
3023 Cairnlea
8%
3124 Camberwell South
8%
3451 Campbells Creek
8%
3364 Campbelltown
8%
3350 Canadian
8%
3305 Cape Bridgewater
8%
3053 Carlton South
8%
3352 Clarendon
8%
3782 Clematis
8%
3851 Clydebank
8%
3825 Coopers Creek
8%
3099 Cottles Bridge
8%
3862 Cowa
8%
3265 Cudgee
8%
3235 Deans Marsh
8%
3280 Dennington
8%
3726 Devenish
8%
3775 Dixons Creek
8%
3215 Drumcondra
8%
3461 Dry Diggings
8%
3352 Durham Lead
8%
3852 East Sale
8%
3334 Elaine
8%
3352 Enfield
8%
3338 Eynesbury
8%
3451 Faraday
8%
3342 Fiskville
8%
3960 Foster
8%
3814 Garfield North
8%
3215 Geelong North
8%
3891 Genoa
8%
3717 Glenburn
8%
3340 Glenmore
8%
3385 Glenorchy
8%
3435 Goldie
8%
3666 Gooram
8%
3725 Goorambat
8%
3216 Grovedale
8%
3566 Gunbower
8%
3215 Hamlyn Heights
8%
3124 Hartwell
8%
3840 Hazelwood
8%
3442 Hesket
8%
3741 Hotham Heights
8%
3282 Illowa
8%
3223 Indented Head
8%
3517 Inglewood
8%
3902 Johnsonville
8%
3766 Kalorama
8%
3199 Karingal
8%
3036 Keilor North
8%
3221 Kennett River
8%
3073 Keon Park
8%
3950 Korumburra
8%
3490 Kulwin
8%
3713 Lake Eildon
8%
3352 Lal Lal
8%
3911 Langwarrin South
8%
3238 Lavers Hill
8%
3332 Lethbridge
8%
3360 Linton
8%
3563 Lockington
8%
3550 Long Gully
8%
3340 Maddingley
8%
3551 Maiden Gully
8%
3928 Main Ridge
8%
3218 Manifold Heights
8%
3916 Merricks
8%
3392 Minyip
8%
3871 Mirboo North
8%
3825 Moe South
8%
3194 Moorabbin Airport
8%
3933 Moorooduc
8%
3240 Moriac
8%
3740 Mount Buffalo
8%
3352 Mount Egerton
8%
3342 Mount Wallace
8%
3377 Moyston
8%
3451 Muckleford
8%
3579 Murrabit
8%
3461 Musk
8%
3461 Musk Vale
8%
3556 Myers Flat
8%
3315 Nareen
8%
3285 Narrawong
8%
3832 Neerim North
8%
3825 Newborough
8%
3551 Newbridge
8%
3442 Newham
8%
3364 Newlyn
8%
3636 Numurkah
8%
3788 Olinda
8%
3951 Outtrim
8%
3265 Panmure
8%
3912 Pearcedale
8%
3341 Pentland Hills
8%
3639 Picola
8%
3444 Pipers Creek
8%
3335 Plumpton
8%
3916 Point Leo
8%
3305 Portland North
8%
3797 Powelltown
8%
3521 Pyalong
8%
3023 Ravenhall
8%
3825 Rawson
8%
3880 Raymond Island
8%
3923 Rhyll
8%
3121 Richmond East
8%
3121 Richmond South
8%
3666 Ruffy
8%
3685 Rutherglen
8%
3352 Scotsburn
8%
3463 | 3515 Shelbourne
8%
3760 Smiths Gully
8%
3434 | 3544 Springfield
8%
3478 St Arnaud
8%
3775 Steels Creek
8%
3727 St James
8%
8004 St Kilda Road
8%
3666 Strathbogie
8%
3127 Surrey Hills North
8%
3571 Tandarra
8%
3037 Taylors Hill
8%
3038 Taylors Lakes
8%
3579 Teal Point
8%
3328 Teesdale
8%
3984 The Gurdies
8%
3219 | 3825 Thomson
8%
3712 Thornton
8%
3835 Thorpdale
8%
3797 Three Bridges
8%
3549 Tol Tol
8%
3777 Toolangi
8%
3707 Towong
8%
3844 Traralgon East
8%
3458 Trentham East
8%
3444 Tylden South
8%
3956 Venus Bay
8%
3294 Victoria Point
8%
3393 Warracknabeal
8%
3134 Warranwood
8%
3219 Whittington
8%
3960 Wilsons Promontory
8%
3442 Woodend North
8%
3556 Woodvale
8%
3485 Woomelang
8%
3139 Woori Yallock
8%
3825 Yallourn North
8%
3285 Yambuk
8%
3719 Yarck
8%
3352 Yendon
8%
3401 Zumsteins
8%
3971 Alberton
4%
3350 Alfredton
4%
3305 Allestree
4%
3579 Appin
4%
3579 Appin South
4%
3858 Arbuckle
4%
3629 Ardmona
4%
3377 Armstrong
4%
3551 Arnold
4%
3122 Auburn South
4%
3551 Axe Creek
4%
3551 Axedale
4%
3777 Badger Creek
4%
3551 Bagshot
4%
3364 Bald Hills
4%
3926 Balnarring Beach
4%
3691 Bandiana
4%
3084 Banyule
4%
3451 Barkers Creek
4%
3639 Barmah
4%
3688 Barnawartha
4%
3444 Baynton
4%
3237 Beech Forest
4%
3747 Beechworth
4%
3221 Bellarine
4%
3889 Bellbird Creek
4%
3215 Bell Park
4%
3228 Bells Beach
4%
3889 Bemm River
4%
3550 Bendigo South
4%
3707 Biggara
4%
3352 Blowhard
4%
3305 Bolwarra
4%
3939 Boneo
4%
3825 Boola
4%
3351 Bo Peep
4%
3678 Bowser
4%
3128 Box Hill Central
4%
3463 Bradford
4%
3361 Bradvale
4%
3302 Branxholme
4%
3219 Breakwater
4%
3227 Breamlea
4%
3352 Brewster
4%
3860 Briagolong
4%
3391 Brim
4%
3315 Brit Brit
4%
3888 Brodribb River
4%
3364 Broomfield
4%
3350 Brown Hill
4%
3056 Brunswick North
4%
3885 Buchan
4%
3461 Bullarto
4%
3700 Bullioh
4%
3334 Bungal
4%
3357 Buninyong
4%
3815 Bunyip North
4%
3371 Burnbank
4%
3281 Bushfield
4%
3885 Butchers Ridge
4%
3889 Cabbage Tree Creek
4%
3779 Cambarville
4%
3126 Camberwell East
4%
3537 Canary Island
4%
3977 Cannons Creek
4%
3890 Cann River
4%
3351 Cape Clear
4%
3925 Cape Woolamai
4%
3274 Caramut
4%
3352 Cardigan
4%
3352 Cardigan Village
4%
3480 Carron
4%
3305 Cashmore
4%
3898 Cassilis
4%
3777 Castella
4%
3691 Castle Creek
4%
3714 Cathkin
4%
3221 Ceres
4%
3525 Charlton
4%
3401 Cherrypool
4%
3756 Chintin
4%
3822 Cloverlea
4%
3889 Club Terrace
4%
3165 Coatesville
4%
3442 Cobaw
4%
3898 Cobungra
4%
3285 Codrington
4%
3340 Coimadai
4%
3559 Colbinabbin
4%
3889 Combienbar
4%
3227 Connewarre
4%
3860 Coongulla
4%
3480 Corack
4%
3480 Corack East
4%
3691 Coral Bank
4%
3984 Corinella
4%
3311 Corndale
4%
3523 Costerfield
4%
3465 Cotswold
4%
3857 Cowwarr
4%
3858 Crookayan
4%
3862 Crooked River
4%
3283 Crossley
4%
3705 Cudgewa
4%
3222 Curlewis
4%
3483 Curyo
4%
3385 Dadswells Bridge
4%
3341 Dales Creek
4%
3981 Dalmore
4%
3175 Dandenong East
4%
3701 Dartmouth
4%
3888 Deddick Valley
4%
3691 Dederang
4%
3385 Deep Lead
4%
3356 Delacombe
4%
3186 Dendy
4%
3461 Denver
4%
3352 Dereel
4%
3523 Derrinal
4%
3714 Devils River
4%
3561 Diggora
4%
3898 Dinner Plain
4%
3139 Don Valley
4%
3401 Dooen
4%
3818 Drouin East
4%
3818 Drouin West
4%
3401 Drung
4%
3956 Dumbalk
4%
3527 Dumosa
4%
3352 Dunnstown
4%
3472 Dunolly
4%
3851 Dutson
4%
3305 Dutton Way
4%
3556 Eaglehawk North
4%
3878 Eagle Point
4%
3463 Eastville
4%
3564 Echuca West
4%
3746 Eldorado
4%
3461 Elevated Plains
4%
3475 Emu
4%
3551 Emu Creek
4%
3723 Enochs Point
4%
3895 Ensay
4%
3551 Eppalock
4%
3371 Evansford
4%
3678 Everton
4%
3231 Fairhaven
4%
3060 Fawkner East
4%
3060 Fawkner North
4%
3458 Fern Hill
4%
3778 Fernshaw
4%
3786 Ferny Creek
4%
3939 Fingal
4%
3550 Flora Hill
4%
3764 Forbes
4%
3875 Forge Creek
4%
3805 Fountain Gate
4%
3199 Frankston Heights
4%
3451 Fryerstown
4%
3851 Fulham
4%
3207 Garden City
4%
3885 Gelantipy
4%
3240 Gherang
4%
3797 Gilderoy
4%
3891 Gipsy Point
4%
3238 Glenaire
4%
3854 Glengarry
4%
3370 Glengower
4%
3418 Glenlee
4%
3527 Glenloth
4%
3858 Glenmaggie
4%
3293 Glenthompson
4%
3719 Gobur
4%
3555 Golden Gully
4%
3875 Goon Nure
4%
3873 Gormandale
4%
3412 Goroke
4%
3723 Goughs Bay
4%
3608 Goulburn Weir
4%
3451 Gower
4%
3984 Grantville
4%
3608 Graytown
4%
3444 Greenhill
4%
3221 Grey River
4%
3770 Gruyere
4%
3351 Haddon
4%
3188 Hampton North
4%
3453 Harcourt North
4%
3806 Harkaway
4%
3741 Harrietville
4%
3317 Harrow
4%
3122 Hawthorn North
4%
3122 Hawthorn West
4%
3840 Hazelwood North
4%
3218 Herne Hill
4%
3660 Highlands
4%
3216 Highton
4%
3660 Hilldene
4%
3898 Hinnomunjie
4%
3139 Hoddles Creek
4%
3862 Hollands Landing
4%
3148 Holmesglen
4%
3238 Hordern Vale
4%
3567 Horfield
4%
3723 Howes Creek
4%
3858 Howitt Plains
4%
3723 Howqua
4%
3723 Howqua Inlet
4%
3551 Huntly North
4%
3691 Huon Creek
4%
3342 Ingliston
4%
3352 Invermay
4%
3350 Invermay Park
4%
3451 Irishtown
4%
3550 Ironbark
4%
3556 Jackass Flat
4%
3723 Jamieson
4%
3825 Jericho
4%
3527 Jeruk
4%
3238 Johanna
4%
3551 Junortoun
4%
3791 Kallista
4%
3199 Karingal Centre
4%
3649 Katamatite
4%
3021 Kealba
4%
3550 Kennington
4%
3434 Kerrie
4%
3129 Kerrimuir
4%
3723 Kevington
4%
3283 Killarney
4%
3551 Kimbolton
4%
3678 King Valley
4%
3608 Kirwans Bridge
4%
3723 Knockwood
4%
3523 Knowsley
4%
3704 Koetong
4%
3520 Korong Vale
4%
3337 Kurunjang
4%
3130 Laburnum
4%
3523 Ladys Pass
4%
3393 Lah
4%
3909 Lake Bunga
4%
3581 Lake Charm
4%
3551 Lake Eppalock
4%
3579 Lake Meran
4%
3350 Lake Wendouree
4%
3542 Lalbert
4%
3620 Lancaster
4%
3984 Lang Lang East
4%
3444 Langley
4%
3487 Lascelles
4%
3352 Learmonth
4%
3953 Leongatha South
4%
3458 Lerderderg
4%
3858 Licola North
4%
3820 Lillico
4%
3312 Lindsay
4%
3324 Lismore
4%
3418 Little Desert
4%
3833 Loch Valley
4%
3551 Lockwood
4%
3551 Lockwood South
4%
3475 Logan
4%
3666 Longwood East
4%
3221 Lovely Banks
4%
3385 Lubeck
4%
3875 Lucknow
4%
3691 Lucyvale
4%
3444 Lyal
4%
3782 Macclesfield
4%
3723 Macs Cove
4%
3551 Mandurang
4%
3551 Mandurang South
4%
3889 Manorina
4%
3891 Maramingo Creek
4%
3222 Marcus Hill
4%
3233 Marengo
4%
3840 Maryvale
4%
3723 Matlock
4%
3938 Mccrae
4%
3579 Meering West
4%
3277 Mepunga
4%
3277 Mepunga East
4%
3277 Mepunga West
4%
3058 Merlynston
4%
3926 Merricks North
4%
3723 | 3875 Merrijig
4%
3340 Merrimu
4%
3904 Metung
4%
3501 Mildura South
4%
3500 Mildura West
4%
3572 Milloo
4%
3575 Mincha
4%
3568 Mincha West
4%
3324 Mingay
4%
3276 Minjah
4%
3294 Mirranatwa
4%
3132 Mitcham North
4%
3352 | 3355 Mitchell Park
4%
3231 Moggs Creek
4%
3718 Molesworth
4%
3851 Montgomery
4%
3189 Moorabbin East
4%
3314 Mooralla
4%
3860 Moroka
4%
3885 Mossiface
4%
3723 Mountain Bay
4%
3156 Mountain Gate
4%
3988 Mountain View
4%
3363 Mount Beckworth
4%
3523 Mount Camel
4%
3370 Mount Cameron
4%
3350 Mount Clear
4%
3334 Mount Doran
4%
3381 Mount Dryden
4%
3216 Mount Duneed
4%
3371 Mount Glasgow
4%
3350 Mount Helen
4%
3240 Mount Moriac
4%
3305 Mount Richmond
4%
3777 Mount Toolebewong
4%
3462 Muckleford South
4%
3490 Murray-Sunset
4%
3885 Murrindal
4%
3717 Murrindindi
4%
3444 Myrtle Creek
4%
3847 Nambrok
4%
3860 Nap Nap Marra
4%
3778 Narbethong
4%
3707 Nariel Valley
4%
3409 Natimuk
4%
3831 Neerim East
4%
3699 Nelse
4%
3350 Nerrina
4%
3219 Newcomb
4%
3925 Newhaven
4%
3350 Newington
4%
3364 Newlyn North
4%
3886 Newmerella
4%
3859 Newry
4%
3882 Nicholson
4%
3501 Nichols Point
4%
3268 Nirranda
4%
3174 Noble Park East
4%
3890 Noorinbee
4%
3890 Noorinbee North
4%
3070 Northcote South
4%
3187 North Road
4%
3377 Norval
4%
3463 Nuggetty
4%
3896 Nunniong
4%
3880 Ocean Grange
4%
3851 Paradise Beach
4%
3444 Pastoria
4%
3564 Patho
4%
3233 Petticoat Creek
4%
3757 Pheasant Creek
4%
3401 Pimpinio
4%
3149 Pinewood
4%
3351 Pitfield
4%
3381 Pomonal
4%
3461 Porcupine Ridge
4%
3740 Porepunkah
4%
3305 Portland West
4%
3072 Preston South
4%
3072 Preston West
4%
3540 Quambatook
4%
3444 Redesdale
4%
3858 Reynard
4%
3121 Richmond North
4%
3215 Rippleside
4%
3442 Rochford
4%
3395 Rosebery
4%
3285 Rosebrook
4%
3340 Rowsley
4%
3050 Royal Melbourne Hospital
4%
3388 Rupanyup
4%
3556 Sailors Gully
4%
3312 Sandford
4%
3462 Sandon
4%
3858 Sargood
4%
3351 Scarsdale
4%
3851 Seaspray
4%
3858 Seaton
4%
3737 Selwyn
4%
3517 Serpentine
4%
3701 Shelley
4%
3331 She Oaks
4%
3631 Shepparton East
4%
3631 Shepparton North
4%
3630 Shepparton South
4%
3444 Sidonia
4%
3888 Simpsons Creek
4%
3233 Skenes Creek
4%
3233 Skenes Creek North
4%
3741 Smoko
4%
3351 Smythes Creek
4%
3351 Smythesdale
4%
3351 Snake Valley
4%
3488 Speed
4%
3351 Springdallah
4%
3550 Spring Gully
4%
3444 Spring Hill
4%
3219 St Albans Park
4%
3623 Stanhope
4%
3221 Staughton Vale
4%
3285 St Helens
4%
3401 St Helens Plains
4%
3371 | 3957 Stony Creek
4%
3550 Strathdale
4%
3312 Strathdownie
4%
3099 Strathewen
4%
3641 Strathmerton
4%
3152 Studfield
4%
3221 Sugarloaf
4%
3885 Suggan Buggan
4%
3352 Sulky
4%
3125 Surrey Hills South
4%
3530 Sutton
4%
3448 Sutton Grange
4%
3585 Swan Hill West
4%
3673 Swanpool
4%
3607 Tabilk
4%
3714 Taggerty
4%
3659 Tallarook
4%
3890 Tamboon
4%
3673 Tatong
4%
3697 Tawonga
4%
3713 Taylor Bay
4%
3489 Tempy
4%
3719 Terip Terip
4%
3575 Terrick Terrick
4%
3573 Terrick Terrick East
4%
3268 The Cove
4%
3792 The Patch
4%
3109 The Pines
4%
3960 Tidal River
4%
3859 Tinamba
4%
3859 Tinamba West
4%
3621 Tongala
4%
3890 Tonghi Creek
4%
3896 Tongio
4%
3522 Tooborac
4%
3614 Toolamba
4%
3825 Toombon
4%
3909 Toorloo Arm
4%
3941 Tootgarook
4%
3888 Tostaree
4%
3283 Tower Hill
4%
3824 Trafalgar South
4%
3373 Trawalla
4%
3785 Tremont
4%
3888 Tubbut
4%
3915 Tuerong
4%
3728 Tungamah
4%
3488 Turriff
4%
3285 Tyrendarra
4%
3285 Tyrendarra East
4%
3370 Ullina
4%
3756 Upper Plenty
4%
3664 Upton Hill
4%
3294 Victoria Valley
4%
3325 Vite Vite
4%
3325 Vite Vite North
4%
3401 Wail
4%
3825 Walhalla
4%
3891 Wallagaraugh
4%
3401 Wallup
4%
3463 Walmer
4%
3507 Walpeup
4%
3709 Walwa
4%
3139 Wandin East
4%
3139 Wandin North
4%
3891 Wangarabell
4%
3280 Warrnambool East
4%
3401 Wartook
4%
3038 Watergardens
4%
3097 Watsons Creek
4%
3237 Wattle Hill
4%
3128 Wattle Park
4%
3352 Waubra
4%
3518 Wedderburn
4%
3568 Wee Wee Rup
4%
3241 Wensleydale
4%
3186 Were Street Po
4%
3364 Werona
4%
3690 West Wodonga
4%
3556 Whipstick
4%
3612 Whroo
4%
3379 Wickliffe
4%
3515 Wilsons Hill
4%
3891 Wingan River
4%
3281 Winslow
4%
3189 Wishart
4%
3888 Wombat Creek
4%
3221 Wongarra
4%
3737 Wonnangatta
4%
3281 Woodford
4%
3596 Wood Wood
4%
3276 Woolsthorpe
4%
3005 | 8005 World Trade Centre
4%
3860 Wrixon
4%
3891 Wroxham
4%
3885 W Tree
4%
3885 Wulgulmerang
4%
3885 Wulgulmerang East
4%
3875 Wy Yung
4%
3960 Yanakie
4%
3537 Yando
4%
3461 Yandoit
4%
3461 Yandoit Hills
4%
3063 Yuroke
4%
3237 Yuulong
4%
3737 Abbeyard
0%
8006 Abeckett Street
0%
3714 Acheron
0%
3984 Adams Estate
0%
3352 Addington
0%
3962 Agnes
0%
3237 Aire Valley
0%
3851 Airly
0%
3424 Albacutya
0%
3971 Alberton West
0%
3823 Allambee
0%
3871 Allambee Reserve
0%
3871 Allambee South
0%
3691 Allans Flat
0%
3364 Allendale
0%
3465 Alma
0%
3727 Almonds
0%
3979 Almurta
0%
3025 Altona East
0%
3025 Altona Gate
0%
3371 Amherst
0%
3825 Amor
0%
3468 Amphitheatre
0%
3715 Ancona
0%
3898 Anglers Rest
0%
3549 Annuello
0%
3414 Antwerp
0%
3319 Apsley
0%
3409 Arapiles
0%
3951 Arawata
0%
3631 Arcadia
0%
3631 Arcadia South
0%
3475 Archdale
0%
3475 Archdale Junction
0%
3723 Archerton
0%
3995 Archies Creek
0%
3480 Areegra
0%
3523 Argyle
0%
3143 Armadale North
0%
3551 Arnold West
0%
3442 Ashbourne
0%
3818 Athlone
0%
3393 Aubrey
0%
3570 Auchmore
0%
3559 Avonmore
0%
3782 Avonsleigh
0%
3268 Ayrford
0%
3670 Baddaginnie
0%
3579 Bael Bael
0%
3551 Bagshot North
0%
3312 Bahgallah
0%
3608 Bailieston
0%
3350 | 3354 Bakery Hill
0%
3249 Balintore
0%
3279 Ballangeich
0%
3483 Ballapur
0%
3350 Ballarat Central
0%
3354 Ballarat MC
0%
3352 Ballarat Roadside Delivery
0%
3561 Ballendella
0%
3340 Balliang
0%
3340 Balliang East
0%
3375 Ballyrogan
0%
3666 Balmattum
0%
3971 Balook
0%
3103 Balwyn East
0%
3561 Bamawm
0%
3561 Bamawm Extension
0%
3241 Bambra
0%
3333 Bamganie
0%
3694 Bandiana Milpo
0%
3393 Bangerang
0%
3875 Banksia Peninsula
0%
3549 Bannerton
0%
3485 Banyan
0%
3388 Banyena
0%
3691 Baranduda
0%
3220 Bareena
0%
3463 Baringhup
0%
3463 Baringhup West
0%
3723 Barjarg
0%
3384 Barkly
0%
3364 Barkstead
0%
3557 Barnadown
0%
3691 Barnawartha North
0%
3871 Baromi
0%
3249 Barongarook
0%
3249 Barongarook West
0%
3221 Barrabool
0%
3525 Barrakee
0%
3249 Barramunga
0%
3537 Barraport
0%
3537 Barraport West
0%
3458 Barrys Reef
0%
3329 Barunah Park
0%
3329 Barunah Plains
0%
3737 Barwidgee
0%
3722 Barwite
0%
3243 Barwon Downs
0%
3460 Basalt
0%
3221 Batesford
0%
3730 Bathumi
0%
3833 Baw Baw Village
0%
3375 Bayindeen
0%
3981 Bayles
0%
3444 Baynton East
0%
3475 Bealiba
0%
3641 Bearii
0%
3517 Bears Lagoon
0%
3579 Beauchamp
0%
3135 Bedford Road
0%
3139 Beenak
0%
3691 Bellbridge
0%
3381 Bellellen
0%
3198 Belvedere Park
0%
3672 Benalla West
0%
3319 Benayeo
0%
3551 Bendigo Forward
0%
3888 Bendoc
0%
3875 Bengworden
0%
3579 Benjeroop
0%
3125 Bennettswood
0%
3960 Bennison
0%
3235 Benwerrin
0%
3342 Beremboke
0%
3518 Berrimal
0%
3351 Berringa
0%
3691 Berringama
0%
3531 Berriwillock
0%
3323 Berrybank
0%
3953 Berrys Creek
0%
3304 Bessiebelle
0%
3888 Bete Bolong
0%
3888 Bete Bolong North
0%
3472 Betley
0%
3590 Beverford
0%
3490 Big Desert
0%
3858 Billabong
0%
3533 Bimbourie
0%
3896 Bindi
0%
3966 Binginwarri
0%
3898 Bingo Munjie
0%
3483 Birchip West
0%
3505 Birdwoodton
0%
3401 Blackheath
0%
3350 Black Hill
0%
3381 Black Range
0%
3193 Black Rock North
0%
3844 Blackwarry
0%
3992 Blackwood Forest
0%
3342 Blakeville
0%
3364 Blampied
0%
3980 Blind Bight
0%
3678 Bobinawarrah
0%
3301 Bochara
0%
3669 Boho
0%
3669 Boho South
0%
3531 Boigbeat
0%
3490 Boinka
0%
3387 Bolangum
0%
3546 Bolton
0%
3352 Bolwarrah
0%
3888 Bonang
0%
3820 Bona Vista
0%
3691 Bonegilla
0%
3352 Bonshaw
0%
3260 Bookaar
0%
3960 Boolarong
0%
3870 Boolarra
0%
3870 Boolarra South
0%
3880 Boole Poole
0%
3392 Boolite
0%
3728 Boomahnoomoonah
0%
3235 Boonah
0%
3163 Booran Road Po
0%
3265 Boorcan
0%
3678 Boorhaman
0%
3678 Boorhaman East
0%
3685 Boorhaman North
0%
3723 Boorolite
0%
3953 Boorool
0%
3730 Boosey
0%
3682 Boralma
0%
3379 Bornes Hill
0%
3518 Borung
0%
3260 Bostocks Creek
0%
3599 Boundary Bend
0%
3465 Bowenvale
0%
3675 Boweya
0%
3675 Boweya North
0%
3735 Bowmans Forest
0%
3725 Boxwood
0%
3630 Branditt
0%
3150 Brandon Park
0%
3821 Brandy Creek
0%
3821 Bravington
0%
3019 Braybrook North
0%
3303 Breakaway Creek
0%
3517 Brenanah
0%
3131 Brentford Square
0%
3723 Bridge Creek
0%
3516 Bridgewater North
0%
3516 Bridgewater On Loddon
0%
3184 Brighton Road
0%
3312 Brimboal
0%
3685 Brimin
0%
3401 Brimpaen
0%
3319 Bringalbert
0%
3875 Broadlands
0%
3301 Broadwater
0%
3673 Broken Creek
0%
3472 Bromley
0%
3896 Brookville
0%
3418 Broughton
0%
3685 Browns Plains
0%
3749 Bruarong
0%
3268 Brucknell
0%
3885 Brumby
0%
3056 Brunswick Lower
0%
3885 Buchan South
0%
3740 Buckland
0%
3240 Buckley
0%
3301 Buckley Swamp
0%
3525 Buckrabanyule
0%
3862 Budgee Budgee
0%
3870 Budgeree
0%
3579 Budgerum East
0%
3958 Buffalo
0%
3737 Buffalo River
0%
3314 Bulart
0%
3890 Buldah
0%
3586 Bulga
0%
3377 Bulgana
0%
3266 Bullaharre
0%
3352 Bullarook
0%
3461 Bullarto South
0%
3105 Bulleen South
0%
3875 Bullumwaal
0%
3821 Buln Buln
0%
3821 Buln Buln East
0%
3902 Bumberrah
0%
3634 Bunbartha
0%
3851 Bundalaguah
0%
3730 Bundalong
0%
3730 Bundalong South
0%
3898 Bundara
0%
3342 Bunding
0%
3260 Bungador
0%
3401 Bungalally
0%
3352 Bungaree
0%
3465 Bung Bong
0%
3726 Bungeet
0%
3726 Bungeet West
0%
3691 Bungil
0%
3527 Bunguluke
0%
3352 Bunkers Hill
0%
3858 Buragwonduc
0%
3568 Burkes Bridge
0%
3475 Burkes Flat
0%
3558 Burnewang
0%
3121 Burnley North
0%
3023 Burnside Heights
0%
3559 Burramboot
0%
3730 Burramine
0%
3730 Burramine South
0%
3709 Burrowye
0%
3151 Burwood Heights
0%
3301 Byaduk
0%
3300 Byaduk North
0%
3678 Byawatha
0%
3617 Byrneside
0%
3888 Cabanandra
0%
3505 Cabarita
0%
3442 Cadello
0%
3984 Caldermeade
0%
3573 Calivil
0%
3387 Callawadda
0%
3844 Callignee
0%
3844 Callignee North
0%
3844 Callignee South
0%
3971 Calrossie
0%
3875 Calulu
0%
3124 Camberwell North
0%
3124 Camberwell West
0%
3352 Cambrian Hill
0%
3387 Campbells Bridge
0%
3556 Campbells Forest
0%
3630 Caniambo
0%
3540 Cannie
0%
3393 Cannum
0%
3888 Cape Conran
0%
3579 Capels Crossing
0%
3995 Cape Paterson
0%
3623 Carag Carag
0%
3371 Caralulup
0%
3312 Carapook
0%
3678 Carboor
0%
3978 Cardinia
0%
3496 Cardross
0%
3334 Cargerie
0%
3512 Carina
0%
3825 Caringal
0%
3239 Carlisle River
0%
3442 Carlsruhe
0%
3685 Carlyle
0%
3351 Carngham
0%
3260 Carpendeit
0%
3844 Carrajung
0%
3844 Carrajung Lower
0%
3844 Carrajung South
0%
3361 Carranballac
0%
3585 Castle Donnington
0%
3981 Catani
0%
3377 Cathcart
0%
3537 Catumnal
0%
3161 Caulfield Junction
0%
3660 Caveat
0%
3145 Central Park
0%
3148 Chadstone Centre
0%
3890 Chandlers Creek
0%
3352 Chapel Flat
0%
3141 Chapel Street North
0%
3239 Chapple Vale
0%
3318 Charam
0%
3695 Charleroi
0%
3379 Chatsworth
0%
3192 Cheltenham East
0%
3192 Cheltenham North
0%
3351 Chepstowe
0%
3434 Cherokee
0%
3874 Cherrilong
0%
3678 Cheshunt
0%
3678 Cheshunt South
0%
3725 Chesney Vale
0%
3312 Chetwynd
0%
3451 Chewton Bushlands
0%
3824 Childers
0%
3585 Chillingollah
0%
3683 Chiltern Valley
0%
3544 Chinangin
0%
3546 Chinkapook
0%
3525 Chirrip
0%
3260 Chocolyn
0%
3925 Churchill Island
0%
3373 Chute
0%
3352 Claretown
0%
3352 Clarkes Hill
0%
3409 Clear Lake
0%
3875 Clifton Creek
0%
3658 Clonbinane
0%
3315 Clover Flat
0%
3461 Clydesdale
0%
3825 Coalville
0%
3851 Cobains
0%
3862 Cobbannah
0%
3900 Cobberas
0%
3644 Cobram East
0%
3266 Cobrico
0%
3546 Cocamba
0%
3475 Cochranes Creek
0%
3364 Coghills Creek
0%
3542 Cokum
0%
3250 Colac East
0%
3250 Colac West
0%
3342 Colbrook
0%
3494 Colignan
0%
3066 Collingwood North
0%
3630 Colliver
0%
3384 Concongella
0%
3303 Condah
0%
3286 Condah Swamp
0%
3633 Congupna
0%
3318 Connewirricoo
0%
3315 Coojar
0%
3616 Cooma
0%
3629 Coomboona
0%
3461 Coomoora
0%
3268 Cooriemungle
0%
3249 Coragulac
0%
3814 Cora Lynn
0%
3352 Corindhap
0%
3551 Cornella
0%
3683 Cornishtown
0%
3984 Coronet Bay
0%
3559 Corop
0%
3558 Corop West
0%
3254 Cororooke
0%
3888 Corringle
0%
3249 Corunnun
0%
3631 Cosgrove
0%
3631 Cosgrove South
0%
3101 Cotham
0%
3506 Cowangie
0%
3268 Cowleys Creek
0%
3669 Creek Junction
0%
3666 Creightons Creek
0%
3193 Cromer
0%
3821 Crossover
0%
3373 Cross Roads
0%
3377 Crowlands
0%
3301 Croxton East
0%
3393 Crymelon
0%
3714 Crystal Creek
0%
3530 Culgoa
0%
3315 Culla
0%
3568 Cullen
0%
3496 Cullulleraine
0%
3251 Cundare
0%
3251 Cundare North
0%
3268 Curdies River
0%
3268 Curdievale
0%
3568 Daltons Bridge
0%
3992 Dalyston
0%
3175 Dandenong Plaza
0%
3737 Dandongadale
0%
3871 Darlimurla
0%
3145 Darling South
0%
3271 Darlington
0%
3756 Darraweit Guim
0%
3851 Darriman
0%
3858 Dawson
0%
3022 Deer Park East
0%
3023 Deer Park North
0%
3723 Delatite
0%
3871 Delburn
0%
3377 Denicull Creek
0%
3858 Denison
0%
3875 Deptford
0%
3516 Derby
0%
3312 Dergholm
0%
3325 Derrinallum
0%
3977 Devon Meadows
0%
3971 Devon North
0%
3808 Dewhurst
0%
3610 Dhurringile
0%
3309 Digby
0%
3579 Dingwall
0%
3265 Dixie
0%
3377 Dobie
0%
3678 Docker
0%
3678 Dockers Plains
0%
3895 Doctors Flat
0%
3871 Dollar
0%
3141 Domain Road Po
0%
3109 Doncaster Heights
0%
3478 Dooboobetic
0%
3647 Dookie College
0%
3312 Dorodong
0%
3893 Double Bridges
0%
3409 Douglas
0%
3249 Dreeite
0%
3249 Dreeite South
0%
3840 Driffield
0%
3304 Drik Drik
0%
3660 Dropmore
0%
3818 Drouin South
0%
3636 Drumanure
0%
3304 Drumborg
0%
3570 Drummartin
0%
3461 Drummond
0%
3446 Drummond North
0%
3409 Duchembegarra
0%
3956 Dumbalk North
0%
3371 Dunach
0%
3271 Dundonnell
0%
3175 Dunearn
0%
3630 Dunkirk
0%
3472 Dunluce
0%
3377 Dunneworthy
0%
3312 Dunrobin
0%
3342 Durdidwarrah
0%
3576 Durham Ox
0%
3851 Dutson Downs
0%
3323 Duverney
0%
3669 Earlston
0%
3875 East Bairnsdale
0%
3231 Eastern View
0%
3678 East Wangaratta
0%
3691 Ebden
0%
3564 Echuca South
0%
3564 Echuca Village
0%
3265 Ecklin South
0%
3472 Eddington
0%
3444 Edgecombe
0%
3678 Edi Upper
0%
3461 Eganstown
0%
3266 Elingamite
0%
3266 Elingamite North
0%
3875 Ellaswood
0%
3265 Ellerslie
0%
3250 Elliminyt
0%
3821 Ellinbank
0%
3469 Elmhurst
0%
3407 Englefield
0%
3895 Ensay North
0%
3076 Epping DC
0%
3352 Ercildoune
0%
3889 Errinundra
0%
3701 Eskdale
0%
3730 Esmond
0%
3251 Eurack
0%
3739 Eurobin
0%
3377 Eversley
0%
3678 Everton Upper
0%
3951 Fairbank
0%
3579 Fairley
0%
3561 | 3875 Fairy Dell
0%
3714 Fawcett
0%
3518 Fentons Creek
0%
3237 Ferguson
0%
3821 Ferndale
0%
3518 Fernihurst
0%
3518 Fiery Flat
0%
3585 Fish Point
0%
3875 Flaggy Creek
0%
3465 Flagstaff
0%
3851 Flamingo Beach
0%
8009 Flinders Lane
0%
3844 Flynns Creek
0%
3960 Foster North
0%
3557 Fosterville
0%
3323 Foxhow
0%
3265 Framlingham
0%
3265 Framlingham East
0%
3461 Franklinford
0%
3741 Freeburgh
0%
3384 Frenchmans
0%
3216 Freshwater Creek
0%
3825 Fumina
0%
3825 Fumina South
0%
3723 Gaffneys Creek
0%
3822 Gainsborough
0%
3568 Gannawarra
0%
3737 Gapsted
0%
3352 Garibaldi
0%
3265 Garvoc
0%
3691 Gateway Island
0%
3407 Gatum
0%
3289 Gazette
0%
3221 Geelong MC
0%
3237 Gellibrand Lower
0%
3971 Gelliondale
0%
3833 Gentle Annie
0%
3700 Georges Creek
0%
3546 Gerahmin
0%
3249 Gerangamete
0%
3418 Gerang Gerung
0%
3387 Germania
0%
3741 Germantown
0%
3289 Gerrigerrup
0%
3331 Gheringhap
0%
3717 Ghin Ghin
0%
3851 Giffard
0%
3851 Giffard West
0%
3072 Gilberton
0%
3480 Gil Gil
0%
3616 Gillieston
0%
3858 Gillum
0%
3624 Girgarre
0%
3616 Girgarre East
0%
3575 Gladfield
0%
3797 Gladysdale
0%
3864 Glenaladale
0%
3517 Glenalbyn
0%
3979 Glen Alvie
0%
3764 Glenaroua
0%
3352 Glenbrae
0%
3691 Glen Creek
0%
3363 Glendaruel
0%
3364 Glendonald
0%
3858 Glenfalloch
0%
3122 Glenferrie South
0%
3990 Glen Forbes
0%
3266 Glenfyne
0%
3020 Glengala
0%
3854 Glengarry North
0%
3854 Glengarry West
0%
3444 Glenhope
0%
3522 Glenhope East
0%
3314 Glenisla
0%
3469 Glenlofty
0%
3469 Glenlogie
0%
3527 Glenloth East
0%
3451 Glenluce
0%
3461 Glenlyon
0%
3265 Glenormiston North
0%
3265 Glenormiston South
0%
3352 Glen Park
0%
3469 Glenpatrick
0%
3675 Glenrowan West
0%
3898 Glen Valley
0%
3898 Glen Wills
0%
3851 Glomar Beach
0%
3221 Gnarwarre
0%
3260 Gnotuk
0%
3559 Gobarup
0%
3350 | 3451 | 3465 Golden Point
0%
3472 Goldsborough
0%
3352 Gong Gong
0%
3579 Gonn Crossing
0%
3673 Goomalibee
0%
3888 Goongerah
0%
3685 Gooramadda
0%
3305 Gorae
0%
3305 Gorae West
0%
3585 Goschen
0%
3544 Gowanford
0%
3669 Gowangardie
0%
3631 Grahamvale
0%
3870 Grand Ridge
0%
3525 Granite Flat
0%
3875 Granite Rock
0%
3701 Granya
0%
3302 Grassdale
0%
3409 Grass Flat
0%
3281 Grassmere
0%
3685 Great Southern
0%
3537 Gredgwin
0%
3341 Greendale
0%
3462 Green Gully
0%
3387 Greens Creek
0%
3304 Greenwald
0%
3352 Grenville
0%
3675 Greta
0%
3675 Greta South
0%
3675 Greta West
0%
3104 Greythorn
0%
3315 Gringegalgona
0%
3315 Gritjurk
0%
3216 Grovedale East
0%
3691 Gundowring
0%
3960 Gunyah
0%
3709 Guys Forest
0%
3807 Guys Hill
0%
3401 Gymbowen
0%
3818 Hallora
0%
3953 Hallston
0%
3675 Hansonville
0%
3995 Harmers Haven
0%
3616 Harston
0%
3465 Havelock
0%
3737 Havilah
0%
3287 Hawkesdale
0%
3862 Hawkhurst
0%
3888 Haydens Bog
0%
3658 Hazeldene
0%
3966 Hazel Park
0%
3840 Hazelwood South
0%
3777 Healesville Main Street
0%
3777 Healesville Post Shop
0%
3981 Heath Hill
0%
3305 Heathmere
0%
3134 Heathwood
0%
3967 Hedley
0%
3081 Heidelberg Rgh
0%
3301 Hensley Park
0%
3312 Henty
0%
3825 Hernes Oak
0%
3321 Hesse
0%
3273 Hexham
0%
3268 Heytesbury Lower
0%
3847 Hiamdale
0%
3971 Hiawatha
0%
3764 High Camp
0%
3032 Highpoint City
0%
3315 Hilgay
0%
3351 Hillcrest
0%
3825 Hill End
0%
3465 Homebush
0%
3304 Homerton
0%
3717 Homewood
0%
3162 Hopetoun Gardens
0%
3400 Horsham West
0%
3051 Hotham Hill
0%
3303 Hotspur
0%
3128 Houston
0%
3723 Howqua Hills
0%
3971 Hunterston
0%
3833 Icy Creek
0%
3875 Iguana Creek
0%
3351 Illabarook
0%
3381 Illawarra
0%
3688 Indigo Valley
0%
3472 Inkerman
0%
3636 Invergordon
0%
3815 Iona
0%
3494 Iraak
0%
3249 Irrewarra
0%
3249 Irrewillipe
0%
3249 Irrewillipe East
0%
3079 Ivanhoe North
0%
3971 Jack River
0%
3825 Jacob Creek
0%
3984 Jam Jerrup
0%
3266 Jancourt
0%
3266 Jancourt East
0%
3517 Jarklin
0%
3888 Jarrahmond
0%
3700 Jarvis Creek
0%
3840 Jeeralang
0%
3840 Jeeralang Junction
0%
3945 Jeetho
0%
3480 Jeffcott
0%
3480 Jeffcott North
0%
3423 Jeparit
0%
3483 Jil Jil
0%
3409 Jilpanger
0%
3818 Jindivick
0%
3384 Joel Joel
0%
3384 Joel South
0%
3870 Johnstones Hill
0%
3869 Jumbuk
0%
3951 Jumbunna
0%
3401 Jung
0%
3575 Jungaburra
0%
3635 Kaarimba
0%
3318 Kadnook
0%
3909 Kalimna
0%
3909 Kalimna West
0%
3401 Kalkee
0%
3529 Kalpienung
0%
3570 Kamarooka
0%
3571 Kamarooka North
0%
3401 Kanagulk
0%
3691 Kancoona
0%
3719 Kanumbra
0%
3387 Kanya
0%
3564 Kanyapella
0%
3294 Karabeal
0%
3951 Kardella
0%
3950 Kardella South
0%
3260 Kariah
0%
3401 Karnak
0%
3631 Karramomus
0%
3483 Karyrie
0%
3649 Katamatite East
0%
3634 Katandra
0%
3634 Katandra West
0%
3640 Katunga
0%
3249 Kawarren
0%
3568 Keely
0%
3393 Kellalac
0%
3666 Kelvin View
0%
3597 Kenley
0%
3395 Kenmare
0%
3239 Kennedys Creek
0%
3579 Kerang East
0%
3691 Kergunyah
0%
3691 Kergunyah South
0%
3979 Kernot
0%
3660 Kerrisdale
0%
3390 Kewell
0%
3631 Kialla East
0%
3631 Kialla West
0%
3418 Kiata
0%
3691 Kiewa
0%
3312 | 3691 Killara
0%
3678 Killawarra
0%
3717 Killingworth
0%
3851 Kilmany
0%
3517 Kingower
0%
3012 Kingsville West
0%
3483 Kinnabulla
0%
3520 Kinypanial
0%
3283 Kirkstall
0%
3666 Kithbrook
0%
3286 Knebsworth
0%
3152 Knox City Centre
0%
3260 Koallah
0%
3265 Kolora
0%
3951 Kongwak
0%
3315 Konongwootong
0%
3597 Kooloonong
0%
3669 Koonda
0%
3644 Koonoomoo
0%
3954 Koonwarra
0%
3501 Koorlong
0%
3844 Koornalla
0%
3364 Kooroocheang
0%
3860 Koorool
0%
3953 Koorooman
0%
3981 Koo Wee Rup North
0%
3714 Koriella
0%
3341 Korobeit
0%
3579 Koroop
0%
3950 Korumburra South
0%
3461 Korweinguboora
0%
3565 Kotta
0%
3638 Kotupna
0%
3622 Koyuga
0%
3945 Krowera
0%
3585 Kunat
0%
3930 Kunyung
0%
3518 Kurraca
0%
3518 Kurraca West
0%
3517 Kurting
0%
3620 Kyabram South
0%
3621 Kyvalley
0%
3463 Laanecoorie
0%
3816 Labertouche
0%
3678 Laceby
0%
3480 Laen
0%
3480 Laen East
0%
3480 Laen North
0%
3401 Laharum
0%
3480 Lake Buloke
0%
3303 Lake Condah
0%
3381 Lake Fyans
0%
3355 Lake Gardens
0%
3373 Lake Goldsmith
0%
3381 Lake Lonsdale
0%
3525 Lake Marmal
0%
3685 Lake Moodemere
0%
3312 Lake Mundi
0%
3727 Lake Rowan
0%
3533 Lake Tyrrell
0%
3851 Lake Wellington
0%
3373 Lake Wongan
0%
3075 Lalor Plaza
0%
3352 Lamplough
0%
3995 Lance Creek
0%
3384 Landsborough
0%
3384 Landsborough West
0%
3363 Langdons Hill
0%
3352 Langi Kal Kal
0%
3377 Langi Logan
0%
3318 Langkoop
0%
3971 Langsborough
0%
3555 Lansell Plaza
0%
3821 Lardner
0%
3249 Larpent
0%
3325 Larralea
0%
3444 Lauriston
0%
8010 Law Courts
0%
3480 Lawler
0%
3418 Lawloit
0%
3364 Lawrence
0%
3537 Leaghur
0%
3385 Ledcourt
0%
3516 Leichardt
0%
3352 Leigh Creek
0%
3567 Leitchville
0%
3631 Lemnos
0%
3691 Leneva
0%
3461 Leonards Hill
0%
3953 Leongatha North
0%
3260 Leslie Manor
0%
3352 Lexton
0%
3371 Lillicur
0%
3420 Lillimur
0%
3682 Lilliput
0%
3673 Lima
0%
3673 Lima East
0%
3673 Lima South
0%
3717 Limestone
0%
3865 Lindenow
0%
3875 Lindenow South
0%
3496 Lindsay Point
0%
3509 Linga
0%
3549 Liparoo
0%
3480 Litchfield
0%
3458 Little Hampton
0%
8011 Little Lonsdale Street
0%
3551 Llanelly
0%
3862 Llowalong
0%
3665 Locksley
0%
3575 Loddon Vale
0%
3678 Londrigan
0%
3401 Longerenong
0%
3340 Long Forest
0%
3551 Longlea
0%
3816 Longwarry North
0%
3418 Lorquon
0%
3639 Lower Moira
0%
3401 Lower Norton
0%
3844 Loy Yang
0%
3673 Lurg
0%
3057 Lygon Street North
0%
3304 Lyons
0%
3461 Lyonville
0%
3286 Macarthur
0%
3971 Macks Creek
0%
3085 Macleod West
0%
3579 Macorna
0%
3568 Macorna North
0%
3971 Madalya
0%
3379 Mafeking
0%
3859 Maffra West Upper
0%
3352 Magpie
0%
3275 Mailors Flat
0%
3723 Maindample
0%
3373 Main Lead
0%
3714 Maintongoon
0%
3465 Majorca
0%
3725 Major Plains
0%
3144 Malvern North
0%
3546 Manangatang
0%
3222 Mannerim
0%
3360 Mannibadar
0%
3971 Manns Beach
0%
3953 Mardan
0%
3634 Marionvale
0%
3678 Markwood
0%
3483 Marlbed
0%
3387 Marnoo
0%
3387 Marnoo West
0%
3377 Maroona
0%
3669 Marraweeney
0%
3875 Marthavale
0%
3888 Martins Creek
0%
3634 Marungi
0%
3812 Maryknoll
0%
3482 Massey
0%
3331 Maude
0%
3472 Mcintyre
0%
3401 Mckenzie Creek
0%
3451 Mckenzie Hill
0%
3874 Mcloughlins Beach
0%
3799 Mcmahons Creek
0%
3568 Mcmillans
0%
3678 Meadow Creek
0%
3585 Meatian
0%
3478 Medlyn
0%
3956 Meeniyan
0%
3862 Meerlieu
0%
3315 Melville Forest
0%
3875 Melwood
0%
3373 Mena Park
0%
3194 Mentone East
0%
3505 Merbein South
0%
3496 Meringur
0%
3310 Merino
0%
3737 Merriang
0%
3737 Merriang South
0%
3926 Merricks Beach
0%
3618 Merrigum
0%
3496 Merrinee
0%
3715 Merton
0%
3448 Metcalfe
0%
3444 Metcalfe East
0%
3124 Middle Camberwell
0%
3375 Middle Creek
0%
3956 Middle Tarwin
0%
3840 Mid Valley
0%
3666 Miepoll
0%
3409 Miga Lake
0%
3678 Milawa
0%
3501 Mildura Centre Plaza
0%
3352 Millbrook
0%
3304 Milltown
0%
3579 Milnes Bridge
0%
3287 Minhamite
0%
3413 Minimay
0%
3351 Mininera
0%
3537 Minmindie
0%
3551 Minto
0%
3862 Miowera
0%
3596 Miralie
0%
3415 Miram
0%
3722 Mirimbah
0%
3608 Mitchellstown
0%
3409 Mitre
0%
3490 Mittyack
0%
3401 Mockinya
0%
3816 Modella
0%
3240 Modewarre
0%
3666 Moglonemby
0%
3381 Mokepilly
0%
3472 Moliagul
0%
3666 Molka
0%
3352 Mollongghip
0%
3575 Mologa
0%
3673 Molyullah
0%
3691 Mongans Bridge
0%
3860 Monomak
0%
3984 Monomeith
0%
3478 Moonambel
0%
3825 Moondarra
0%
3055 Moonee Vale
0%
3450 | 3465 Moonlight Flat
0%
3221 Moorabool
0%
3610 Moorilim
0%
3523 Moormbool West
0%
3862 Moornapa
0%
3673 Moorngag
0%
3629 Mooroopna North
0%
3616 Mooroopna North West
0%
3764 Moranding
0%
3752 Morang South
0%
3195 Mordialloc North
0%
3055 Moreland West
0%
3301 Morgiana
0%
3334 Morrisons
0%
3387 Morrl Morrl
0%
3482 Morton Plains
0%
3840 Morwell East
0%
3840 Morwell Upper
0%
3709 Mount Alfred
0%
3960 Mount Best
0%
3352 Mount Bolton
0%
3675 Mount Bruno
0%
3781 Mount Burnett
0%
3324 Mount Bute
0%
3377 Mount Cole
0%
3377 Mount Cole Creek
0%
3953 Mount Eccles
0%
3953 Mount Eccles South
0%
3351 Mount Emu
0%
3461 Mount Franklin
0%
3472 Mount Hooghly
0%
3468 Mount Lonarch
0%
3646 Mount Major
0%
3352 Mount Mercer
0%
3301 Mount Napier
0%
3350 Mount Pleasant
0%
3364 Mount Prospect
0%
3352 Mount Rowan
0%
3236 Mount Sabine
0%
3844 Mount Tassie
0%
3875 Mount Taylor
0%
3294 Moutajup
0%
3951 Moyarra
0%
3732 Moyhu
0%
3644 Muckatah
0%
3737 Mudgegonga
0%
3304 Mumbannar
0%
3635 Mundoona
0%
3315 Muntham
0%
3610 Murchison North
0%
3221 Murgheboluc
0%
3747 Murmungee
0%
3544 Murnungin
0%
3551 Murphys Creek
0%
3579 Murrabit West
0%
3401 Murra Warra
0%
3586 Murrawee
0%
3586 Murraydale
0%
3243 Murroon
0%
3557 Muskerry
0%
3533 | 3579 Myall
0%
3304 Myamyn
0%
3551 Myola
0%
3341 Myrniong
0%
3732 Myrrhee
0%
3851 Myrtlebank
0%
3518 Mysia
0%
3641 Mywee
0%
3249 Nalangil
0%
3646 Nalinga
0%
3533 Nandaly
0%
3781 Nangana
0%
3312 Nangeela
0%
3494 Nangiloc
0%
3561 Nanneella
0%
3352 Napoleons
0%
3293 Nareeb
0%
3525 Nareewillock
0%
3636 Naring
0%
3277 Naringal
0%
3277 Naringal East
0%
3266 Naroghid
0%
3824 Narracan
0%
3483 Narraport
0%
3293 Narrapumelap South
0%
3804 Narre Warren East
0%
3597 Narrung
0%
3638 Nathalia
0%
3465 Natte Yallock
0%
3597 Natya
0%
3384 Navarre
0%
3352 Navigators
0%
3832 Nayook
0%
3496 Neds Corner
0%
3463 Neereman
0%
3570 Neilborough
0%
3953 Nerrena
0%
3373 Nerring
0%
3351 Nerrin Nerrin
0%
3418 Netherby
0%
3413 Neuarpurr
0%
3825 Newborough East
0%
3458 Newbury
0%
3268 Newfield
0%
3875 Newlands Arm
0%
3821 Nilma North
0%
3533 Ninda
0%
3518 Nine Mile
0%
3351 Nintingbool
0%
3527 Ninyeunook
0%
3268 Nirranda East
0%
3268 Nirranda South
0%
3265 Noorat
0%
3265 Noorat East
0%
3409 Noradjuha
0%
3579 Normanville
0%
3682 Norong
0%
3458 North Blackwood
0%
3072 Northland Centre
0%
3678 North Wangaratta
0%
3995 North Wonthaggi
0%
3660 Northwood
0%
3469 Nowhere Creek
0%
3585 Nowie
0%
3737 Nug Nug
0%
3268 Nullawarre
0%
3268 Nullawarre North
0%
3529 Nullawil
0%
3909 Nungurner
0%
3401 Nurcoung
0%
3401 Nurrabiel
0%
3888 Nurran
0%
3533 Nyarrin
0%
3909 Nyerimilang
0%
3585 Nyrraby
0%
3540 Oakvale
0%
3241 Ombersley
0%
3898 Omeo Valley
0%
3249 Ondit
0%
3284 Orford
0%
3631 Orrvale
0%
3691 Osbornes Flat
0%
3738 Ovens
0%
3678 Oxley
0%
3678 Oxley Flats
0%
3413 Ozenkadnook
0%
3268 Paaratte
0%
3551 Painswick
0%
3512 Panitya
0%
3240 Paraparap
0%
3315 Paschendale
0%
3444 Pastoria East
0%
3491 Patchewollock
0%
3318 Patyah
0%
3851 Pearsondale
0%
3678 Peechelba
0%
3678 Peechelba East
0%
3727 Pelluebla
0%
3235 Pennyroyal
0%
3586 Pental Island
0%
3478 Percydale
0%
3413 Peronne
0%
3862 Perry Bridge
0%
3572 Piavella
0%
3639 Picola West
0%
3833 Piedmont
0%
3533 Pier Milan
0%
3407 Pigeon Ponds
0%
3351 Piggoreet
0%
3573 Pine Grove
0%
3631 Pine Lodge
0%
3709 Pine Mountain
0%
3200 Pines Forest
0%
3579 Pine View
0%
3984 Pioneer Bay
0%
3585 Pira
0%
3723 Piries
0%
3249 Pirron Yallock
0%
3360 Pittong
0%
3585 Polisbet
0%
3260 Pomborneit
0%
3249 Pomborneit East
0%
3260 Pomborneit North
0%
3571 Pompapiel
0%
3312 Poolaijelo
0%
3352 Pootilla
0%
3988 Poowong North
0%
3964 Port Franklin
0%
3996 Pound Creek
0%
3312 Powers Creek
0%
3517 Powlett Plains
0%
3181 Prahran East
0%
3572 Prairie
0%
3666 Pranjip
0%
3685 Prentice North
0%
3072 Preston Lower
0%
3271 Pura Pura
0%
3289 Purdeet
0%
3278 Purnim
0%
3278 Purnim West
0%
3401 Quantong
0%
3550 Quarry Hill
0%
3984 Queensferry
0%
3373 Raglan
0%
3951 Ranceby
0%
3132 Rangeview
0%
3465 Rathscar
0%
3465 Rathscar West
0%
3350 Redan
0%
3523 Redcastle
0%
3371 Red Lion
0%
3658 Reedy Creek
0%
3395 Reedy Dam
0%
3895 Reedy Flat
0%
3579 Reedy Lake
0%
3072 Regent West
0%
3073 Reservoir East
0%
3073 Reservoir North
0%
3073 Reservoir South
0%
3517 Rheola
0%
3377 Rhymney
0%
3385 Riachella
0%
3480 Rich Avon
0%
3480 Rich Avon East
0%
3480 Rich Avon West
0%
3518 Richmond Plains
0%
3666 Riggs Creek
0%
3818 Ripplebrook
0%
3401 Riverside
0%
3860 Riverslea
0%
3971 Robertsons Beach
0%
3019 Robinson
0%
3549 Robinvale Irrigation District
0%
3401 Rocklands
0%
3364 Rocklyn
0%
3377 Rocky Point
0%
3821 Rokeby
0%
3330 Rokewood
0%
3351 Rokewood Junction
0%
3939 Rosebud Plaza
0%
3678 Rose River
0%
3737 Rosewhite
0%
3564 Roslynmead
0%
3377 Rossbridge
0%
3351 Ross Creek
0%
3712 Rubicon
0%
3953 Ruby
0%
3691 Running Creek
0%
3558 Runnymede
0%
3331 Russells Bridge
0%
3875 Ryans
0%
3992 Ryanston
0%
3461 Sailors Falls
0%
3461 Sailors Hill
0%
3852 Sale East Raaf
0%
3850 Sale North
0%
3517 Salisbury West
0%
3673 Samaria
0%
3579 Sandhill Lake
0%
3550 Sandhurst East
0%
3171 Sandown Village
0%
3695 Sandy Creek
0%
3959 Sandy Point
0%
3875 Sarsfield
0%
3787 Sassafras Gully
0%
3723 Sawmill Settlement
0%
3352 Scotchmans Lead
0%
3357 Scotsmans Lead
0%
3267 Scotts Creek
0%
3851 Seacombe
0%
3821 Seaview
0%
3556 Sebastian
0%
3011 Seddon West
0%
3551 Sedgwick
0%
3221 Separation Creek
0%
3139 Seville East
0%
3660 Seymour South
0%
3821 Shady Creek
0%
3960 Shallow Inlet
0%
3898 Shannonvale
0%
3377 Shays Flat
0%
3666 Sheans Creek
0%
3392 Sheep Hills
0%
3329 Shelford
0%
3461 Shepherds Flat
0%
3789 Sherbrooke
0%
3922 Silverleaves
0%
3465 Simson
0%
3260 Skibo
0%
3518 Skinners Flat
0%
3364 Smeaton
0%
3922 Smiths Beach
0%
3364 Smokeytown
0%
3350 Soldiers Hill
0%
3851 Somerton Park
0%
3995 South Dudley
0%
3283 Southern Cross
0%
3192 Southland Centre
0%
3205 South Melbourne DC
0%
3260 South Purrumbete
0%
3461 Spargo Creek
0%
3585 Speewa
0%
3352 Springbank
0%
3364 Springmount
0%
3971 Staceys Bridge
0%
3351 Staffordshire Reef
0%
3691 Staghorn Flat
0%
3623 Stanhope South
0%
3747 Stanley
0%
3379 Stavely
0%
3380 Stawell West
0%
3995 St Clair
0%
3331 Steiglitz
0%
3725 Stewarton
0%
3620 St Germains
0%
3893 Stirling
0%
3004 St Kilda Road Central
0%
3862 Stockdale
0%
3373 Stockyard Hill
0%
3221 Stonehaven
0%
3373 Stoneleigh
0%
3260 Stonyford
0%
3851 Stradbroke
0%
3461 Strangways
0%
3533 Straten
0%
3622 Strathallan
0%
3658 Strath Creek
0%
3551 Strathfieldsaye
0%
3301 Strathkellar
0%
3364 Strathlea
0%
3351 Streatham
0%
3950 Strzelecki
0%
3658 Sugarloaf Creek
0%
3922 Summerlands
0%
3057 Sumner
0%
3658 Sunday Creek
0%
3922 Sunderland Bay
0%
3496 Sunnycliffs
0%
3922 Sunset Strip
0%
3922 Surf Beach
0%
3331 Sutherlands Creek
0%
3585 Swan Hill Pioneer
0%
3249 Swan Marsh
0%
3480 Swanwater West
0%
3575 Sylvaterre
0%
3875 Tabberabbera
0%
3289 Tabor
0%
3301 Tahara
0%
3315 Tahara Bridge
0%
3310 Tahara West
0%
3691 Talgarno
0%
3701 Tallandoon
0%
3700 Tallangatta East
0%
3701 Tallangatta South
0%
3701 Tallangatta Valley
0%
3634 Tallygaroopna
0%
3893 Tambo Crossing
0%
3858 Tamboritha
0%
3885 Tambo Upper
0%
3675 Taminick
0%
3669 Tamleugh
0%
3669 Tamleugh North
0%
3260 Tandarook
0%
3691 Tangambalanga
0%
3825 Tanjil
0%
3833 Tanjil Bren
0%
3825 Tanjil South
0%
3764 Tantaraboo
0%
3478 Tanwood
0%
3249 Tanybryn
0%
3666 Tarcombe
0%
3451 Tarilta
0%
3620 Taripta
0%
3551 Tarnagulla
0%
3670 Tarnook
0%
3265 Taroon
0%
3414 Tarranyurk
0%
3971 Tarra Valley
0%
3971 Tarraville
0%
3678 Tarrawingee
0%
3315 Tarrayoukyan
0%
3463 Tarrengower
0%
3315 Tarrenlea
0%
3301 Tarrington
0%
3283 Tarrone
0%
3956 Tarwin
0%
3956 Tarwin Lower
0%
3616 Tatura East
0%
3378 Tatyoon
0%
3527 Teddywaddy
0%
3527 Teddywaddy West
0%
3401 Telangatuk East
0%
3730 Telford
0%
3420 Telopea Downs
0%
3984 Tenby Point
0%
3572 Tennyson
0%
3525 Terrappee
0%
3260 Tesbury
0%
3821 Tetoora Road
0%
3527 Thalia
0%
3825 Thalloo
0%
3864 The Fingerboard
0%
3851 The Heart
0%
3851 The Honeysuckles
0%
3265 The Sisters
0%
3691 Thologolong
0%
3726 Thoona
0%
3824 Thorpdale South
0%
3707 Thowgla Valley
0%
3885 Timbarra
0%
3268 Timboon West
0%
3561 Timmering
0%
3465 Timor
0%
3465 Timor West
0%
3708 Tintaldra
0%
3707 Tom Groggin
0%
3815 Tonimbuk
0%
3409 Tooan
0%
3614 Toolamba West
0%
3551 Toolleen
0%
3860 Toolome
0%
3401 Toolondo
0%
3285 Toolong
0%
3962 Toora North
0%
3833 Toorongo
0%
3490 Torrita
0%
3562 Torrumbarry
0%
3821 Torwood
0%
3363 Tourello
0%
3596 Towan
0%
3527 Towaninny
0%
3527 Towaninny South
0%
3707 Towong Upper
0%
3824 Trafalgar East
0%
3579 Tragowel
0%
3660 Trawool
0%
3583 Tresco
0%
3584 Tresco West
0%
3953 Trida
0%
3384 Tulkara
0%
3109 Tunstall Square Po
0%
3546 Turoar
0%
3488 Turriff East
0%
3960 Turtons Creek
0%
3490 Tutye
0%
3658 Tyaak
0%
3533 Tyenna
0%
3586 Tyntynder
0%
3586 Tyntynder South
0%
3533 Tyrrell
0%
3533 Tyrrell Downs
0%
3318 Ullswater
0%
3544 Ultima
0%
3544 Ultima East
0%
3641 Ulupna
0%
3629 Undera
0%
3509 Underbool
0%
3669 Upotipotpon
0%
3691 Upper Gundowring
0%
3673 Upper Lurg
0%
3673 Upper Ryans Creek
0%
3860 Valencia Creek
0%
3407 Vasey
0%
3451 Vaughan
0%
3401 Vectis
0%
3922 Ventnor
0%
3814 Vervale
0%
3833 Vesper
0%
3591 Vinifera
0%
3637 Waaia
0%
3551 Waanyarra
0%
3269 Waarre
0%
3678 Wabonga
0%
3646 Waggarandall
0%
3687 Wahgunyah
0%
3608 Wahring
0%
3887 Wairewa
0%
3544 Waitchie
0%
3678 Waldara
0%
3825 Walhalla East
0%
3956 Walkerville
0%
3956 Walkerville South
0%
3352 Wallace
0%
3303 Wallacedale
0%
3387 Wallaloo
0%
3387 Wallaloo East
0%
3351 Wallinduc
0%
3221 Wallington
0%
3875 Walpa
0%
3385 Wal Wal
0%
3612 Wanalta
0%
3216 Wandana Heights
0%
3579 Wandella
0%
3744 Wandiligong
0%
3312 Wando Bridge
0%
3312 Wando Vale
0%
3549 Wandown
0%
3678 Wangandary
0%
3678 Wangaratta Forward
0%
3678 Wangaratta South
0%
3677 Wangaratta West
0%
3530 Wangie
0%
3279 Wangoom
0%
3301 Wannon
0%
3616 Waranga
0%
3612 Waranga Shores
0%
3959 Waratah Bay
0%
3465 Wareek
0%
3505 Wargan
0%
3482 Warmur
0%
3243 Warncoort
0%
3530 Warne
0%
3980 Warneet
0%
3286 Warrabkook
0%
3821 Warragul South
0%
3821 Warragul West
0%
3301 Warrayure
0%
3670 Warrenbayne
0%
3352 Warrenheip
0%
3478 Warrenmang
0%
3249 Warrion
0%
3280 Warrnambool West
0%
3312 Warrock
0%
3283 Warrong
0%
3482 Watchem
0%
3482 Watchem West
0%
3485 Watchupga
0%
3862 Waterford
0%
3658 Waterford Park
0%
3875 Waterholes
0%
3373 Waterloo
0%
3995 Wattle Bank
0%
3384 Wattle Creek
0%
3352 Wattle Flat
0%
3145 Wattletree Road Po
0%
3170 Waverley Gardens
0%
3888 Waygara
0%
3352 Weatherboard
0%
3518 Wedderburn Junction
0%
3237 Weeaproinah
0%
3251 Weering
0%
3260 Weerite
0%
3518 Wehla
0%
3551 Wellsford
0%
3462 Welshmans Reef
0%
3549 Wemen
0%
3355 Wendouree Village
0%
3875 Wentworth
0%
3352 Werneth
0%
3496 Werrimull
0%
3825 Westbury
0%
3579 Westby
0%
3992 West Creek
0%
3351 Westmere
0%
3714 Whanregarwen
0%
3564 Wharparilla
0%
3461 Wheatsheaf
0%
3483 Whirily
0%
3660 Whiteheads Creek
0%
3950 Whitelaw
0%
3678 Whitlands
0%
3243 Whoorel
0%
3735 Whorouly
0%
3735 Whorouly East
0%
3735 Whorouly South
0%
3728 Wilby
0%
3953 Wild Dog Valley
0%
3393 Wilkur
0%
3485 Willangie
0%
3283 Willatook
0%
3379 Willaura
0%
3379 Willaura North
0%
3393 Willenabrina
0%
3825 Willow Grove
0%
3764 Willowmavin
0%
3360 Willowvale
0%
3847 Willung
0%
3847 Willung South
0%
3922 Wimbledon Heights
0%
3241 Winchelsea South
0%
3352 Windermere
0%
3321 Wingeel
0%
3585 Winlaton
0%
3546 Winnambool
0%
3304 Winnap
0%
3858 Winnindoo
0%
3673 Winton
0%
3673 Winton North
0%
3608 Wirrate
0%
3885 Wiseleigh
0%
3691 Wodonga Forward
0%
3690 Wodonga Plaza
0%
3409 Wombelano
0%
3862 Wongungarra
0%
3401 Wonwondah
0%
3971 Won Wron
0%
3962 Wonyip
0%
3715 Woodfield
0%
3875 Woodglen
0%
3294 Woodhouse
0%
3945 Woodleigh
0%
3874 Woodside Beach
0%
3874 Woodside North
0%
3751 Woodstock
0%
3551 Woodstock On Loddon
0%
3463 Woodstock West
0%
3995 Woolamai
0%
3860 Woolenook
0%
3747 Woolshed
0%
3518 Woolshed Flat
0%
3249 Wool Wool
0%
3747 Wooragee
0%
3962 Woorarra East
0%
3960 Woorarra West
0%
3589 Woorinen
0%
3589 Woorinen North
0%
3588 Woorinen South
0%
3272 Woorndoo
0%
3525 Wooroonook
0%
3518 Woosang
0%
3315 Wootong Vale
0%
3858 Worrowing
0%
3860 Wrathung
0%
3875 Wuk Wuk
0%
3885 Wulgulmerang West
0%
3635 Wunghnu
0%
3241 Wurdiboluc
0%
3527 Wycheproof
0%
3527 Wycheproof South
0%
3525 Wychitella
0%
3525 Wychitella North
0%
3237 Wyelangta
0%
3620 Wyuna
0%
3620 Wyuna East
0%
3424 Yaapeet
0%
3646 Yabba North
0%
3646 Yabba South
0%
3637 Yalca
0%
3378 Yalla-Y-Poora
0%
3885 Yalmy
0%
3621 Yambuna
0%
3283 Yangery
0%
3858 Yangoura
0%
3981 Yannathan
0%
3283 Yarpturk
0%
3516 Yarraberb
0%
3823 Yarragon South
0%
3013 Yarraville West
0%
3575 Yarrawalla
0%
3730 Yarrawonga South
0%
3644 Yarroweyah
0%
3677 Yarrunga
0%
3301 Yatchaw
0%
3478 Yawong Hills
0%
3139 Yellingbo
0%
3249 Yeo
0%
3249 Yeodene
0%
3525 Yeungroon
0%
3525 Yeungroon East
0%
3638 Yielima
0%
3869 Yinnar
0%
3869 Yinnar South
0%
3646 Youanmite
0%
3728 Youarang
0%
3301 Yulecart
0%
3727 Yundool
0%
3634 Zeerust
0%
No matching quizzes found
Score Distribution
Percent of People with Each Score
Percentile by Number Answered
Your Score History
You have not taken this quiz